| 000 | 01229nmm a2200313 a 4500 | ||
|---|---|---|---|
| 001 | ocm0001917121 | ||
| 003 | TR-IsHL | ||
| 005 | 20201028173102.0 | ||
| 008 | 180914s2011 tu tur | ||
| 007 | cr cn | ||
| 020 | _a9789944157223 | ||
| 035 |
_a1917121 _b(N$T) |
||
| 050 | 0 | 4 |
_aD568.3 _b.D66 2011 |
| 090 | 0 | 4 |
_aD568.3 _b.D66 2011 |
| 245 | 1 | 0 |
_aDonanma mecmuası : _bÇanakkale 5-18 mart zaferi ve bir destanın hatıra panoraması _h[electronic resource] / _ceditör Mustafa Bıyıklı ; hazırlayanlar Ali Günhan, Kürşat Nusret Erden |
| 260 |
_aİstanbul : _bHiperlink Yayınları, _c2011 |
||
| 300 | _a189 p. | ||
| 650 | 4 | _aTarih | |
| 650 | 4 | _aHistory | |
| 650 | 0 |
_aDünya Savaşı, 1914-1918 _x Cepheler _x Türkiye _x Gelibolu Yarımadası |
|
| 650 | 0 |
_aWorld War, 1914-1918 _x Campaigns _x Turkey _x Gallipoli Peninsula. |
|
| 650 | 0 |
_aTürkiye _x Tarih _x 20. yüzyıl |
|
| 650 | 0 |
_aTurkey _x History _x 20th century |
|
| 650 | 7 |
_aHISTORY / Middle East / Turkey & Ottoman Empire _2bisacsh |
|
| 700 | 1 | _aBıyıklı, Mustafa | |
| 700 | 1 | _aGünhan, Ali | |
| 700 | 1 | _aErden, Kürşat Nusret | |
| 856 | 4 | 0 | _uhttp://search.ebscohost.com/login.aspx?direct=true&scope=site&db=e011xww&AN=1917121 |
| 999 |
_c17522 _d17522 |
||